000 00880nam a22002297a 4500
999 _c7691
_d7691
003 AR-CdUCM
008 190321b ||||| |||| 00| 0 spa d
040 _aMUNICIPALIDAD PROVINCIAL DEL CUSCO
_cBIBLIOTECA MUNICIPAL DEL CUSCO
082 _a552 /
_bB85
100 _aBruhns ,W.
_921712
245 _aPetrografia /
260 _aMéxico :
_bUnion Tipografica Editorial Hispano Americana ,
_c1964.
300 _a125 páginas ;
_c17.5 cm.
440 _aManuales UTEHA
_n120
_921713
505 _aContenido : Métodos de ensayo Petrografico -- Conponentes de Rocas -- Las rocas magmaticas -- Descripcion de las rocas eruptivas mas importantes -- Rocas sedimentarias -- Pizarras Cristalinas...
650 _aPetrografia
_921714
650 _aGeomorfologia
_96691
650 _aMorfologia de la Tierra
_921715
700 _aRamdohr, P.
_921716
942 _2ddc
_cLIBROS
945 _artm